Normal view
MARC view
Entry Personal Name
001 - CONTROL NUMBER
- control field: 3618
003 - CONTROL NUMBER IDENTIFIER
- control field: OSt
005 - DATE AND TIME OF LATEST TRANSACTION
- control field: 20190319163012.0
008 - FIXED-LENGTH DATA ELEMENTS
- fixed length control field: 190319|| aca||aabn | a|a d
040 ## - CATALOGING SOURCE
- Original cataloging agency: OSt
- Transcribing agency: OSt
100 ## - HEADING--PERSONAL NAME
- Personal name: AMR
670 ## - SOURCE DATA FOUND
- Source citation: Work cat.: (OSt)504125: AMR, Accomplishments of centre for management of environment and disasters; during 1996-1997 to 2011-12, 2012
